[Event "World Blitz 2025"]
[Site "Doha QAT"]
[Date "2025.12.29"]
[Round "3.120"]
[White "Bai, Adelard"]
[Black "Blackwood, Ryan"]
[Result "1-0"]
[WhiteTitle "IM"]
[WhiteElo "2417"]
[BlackElo "1945"]
[WhiteFideId "16301188"]
[BlackFideId "7400640"]
[EventDate "2025.12.29"]

1. d4 Nf6 2. Bg5 e6 3. e4 Be7 4. e5 Nd5 5. Bxe7 Qxe7 6. Qd2 c5 7. c4 Nc7 8. Nf3
cxd4 9. Nxd4 Nc6 10. Nxc6 dxc6 11. Nc3 O-O 12. Rd1 Na6 13. Be2 b6 14. O-O Qc5
15. Qf4 Qe7 16. Ne4 Nc5 17. Nd6 Ba6 18. b4 Nd7 19. Bf3 Rad8 20. Bxc6 f6 21. exf6
Nxf6 22. Qe5 Ng4 23. Qg3 Nf6 24. b5 e5 25. Nf5 Qc7 26. bxa6 g6 27. Bf3 Qxc4 28.
Rxd8 Rxd8 29. Qxe5 Rf8 1-0

[Event "World Blitz 2025"]
[Site "Doha QAT"]
[Date "2025.12.29"]
[Round "3.121"]
[White "Ezat, Mohamed"]
[Black "Khayat, Emad"]
[Result "1-0"]
[WhiteTitle "IM"]
[WhiteElo "2294"]
[BlackElo "1927"]
[WhiteFideId "10600906"]
[BlackFideId "21518076"]
[EventDate "2025.12.29"]

1. d4 Nf6 2. c4 e6 3. Nc3 Bb4 4. e3 Bxc3+ 5. bxc3 b6 6. Bd3 Bb7 7. f3 c5 8. Ne2
d6 9. e4 Nc6 10. O-O Qe7 11. a4 h6 12. Be3 e5 13. Ng3 g6 14. Ne2 Nh5 15. Qd2 g5
16. Rfd1 O-O-O 17. Nc1 Rdg8 18. Nb3 g4 19. f4 Nxf4 20. Bxf4 exf4 21. Qxf4 a5 22.
Rab1 cxd4 23. Nxd4 Nxd4 24. cxd4 Kc7 25. c5 bxc5 26. dxc5 1-0

[Event "World Blitz 2025"]
[Site "Doha QAT"]
[Date "2025.12.29"]
[Round "3.122"]
[White "Al-Kuwari, Hamad"]
[Black "Grafl, Florian"]
[Result "0-1"]
[WhiteTitle "CM"]
[BlackTitle "IM"]
[WhiteElo "1809"]
[BlackElo "2343"]
[WhiteFideId "12102679"]
[BlackFideId "4645715"]
[EventDate "2025.12.29"]

1. e4 d5 2. exd5 Qxd5 3. Nc3 Qd6 4. d4 Nf6 5. Nf3 a6 6. Be2 Bg4 7. O-O Nc6 8.
Be3 e6 9. Qd3 O-O-O 10. Rad1 Be7 11. Na4 Qb4 12. b3 e5 13. c3 Qa5 14. h3 e4 15.
Qd2 exf3 16. hxg4 fxe2 17. Qxe2 h5 18. g5 Ng4 19. Bf4 Bxg5 20. Bxg5 Qxg5 21. Nc5
Qh4 0-1

[Event "World Blitz 2025"]
[Site "Doha QAT"]
[Date "2025.12.29"]
[Round "3.123"]
[White "Nurgaliyev, Sauat"]
[Black "Alsaqer, Meshal"]
[Result "1-0"]
[WhiteTitle "IM"]
[WhiteElo "2437"]
[BlackElo "1853"]
[WhiteFideId "13726285"]
[BlackFideId "10301771"]
[EventDate "2025.12.29"]

1. a3 d5 2. d3 Nf6 3. Nf3 c6 4. g3 Bf5 5. Bg2 h6 6. Nbd2 e6 7. O-O Be7 8. c4 O-O
9. b3 Nbd7 10. Bb2 a5 11. Re1 Bh7 12. Qc2 Re8 13. Rad1 Qb6 14. Bd4 Bc5 15. Bxc5
Nxc5 16. Qb2 Na4 17. Qa1 Nc5 18. Qc3 Rec8 19. Ne5 Ncd7 20. Ndf3 Qc7 21. h3 Nxe5
22. Nxe5 Nd7 23. Ng4 Bf5 24. Nh2 Qe5 25. Qc1 Qd6 26. e4 Bg6 27. f4 Qc5+ 28. d4
Qb6 29. Qc3 Bxe4 30. Bxe4 dxe4 31. Rxe4 Nf6 32. Re5 Rd8 33. Nf3 a4 34. b4 Nd7
35. Re2 Nf6 36. Kg2 Qc7 37. Qe3 Rd7 38. Ne5 Rdd8 39. g4 Nd7 40. Nf3 b5 41. d5
exd5 42. cxb5 cxb5 43. Rxd5 Nf6 44. Rxb5 Rd7 45. Rc5 Qd8 46. g5 Rd3 47. Qc1 hxg5
48. fxg5 Nh5 49. g6 Nf4+ 50. Qxf4 1-0

[Event "World Blitz 2025"]
[Site "Doha QAT"]
[Date "2025.12.29"]
[Round "3.124"]
[White "Ahmad, Saif"]
[Black "Wafa, Hamed"]
[Result "0-1"]
[BlackTitle "IM"]
[WhiteElo "1567"]
[BlackElo "2373"]
[WhiteFideId "12102709"]
[BlackFideId "10628452"]
[EventDate "2025.12.29"]

1. d4 Nf6 2. c4 b6 3. Nc3 Bb7 4. d5 e6 5. e4 Bb4 6. Bd3 Bxc3+ 7. bxc3 Qe7 8. Ne2
d6 9. O-O Nbd7 10. f4 Nc5 11. Ng3 O-O-O 12. Be3 exd5 13. Bxc5 dxe4 14. Bxb6 axb6
15. Re1 d5 16. Qa4 Qc5+ 17. Kh1 exd3 18. cxd5 Qxd5 19. Rg1 Ng4 20. Raf1 d2 21.
Qd1 h5 22. h3 Qd3 23. Rf3 Bxf3 24. gxf3 Nf2+ 0-1

[Event "World Blitz 2025"]
[Site "Doha QAT"]
[Date "2025.12.29"]
[Round "3.125"]
[White "Suleymenov, Alisher"]
[Black "Al-Janahi, Ibrahim"]
[Result "1-0"]
[WhiteTitle "GM"]
[WhiteElo "2505"]
[BlackElo "1656"]
[WhiteFideId "13707833"]
[BlackFideId "12102385"]
[EventDate "2025.12.29"]

1. d4 Nf6 2. c4 e6 3. Nc3 d5 4. Bg5 Be7 5. e3 O-O 6. Nf3 h6 7. Bxf6 Bxf6 8. Rc1
c6 9. h4 Re8 10. g4 dxc4 11. g5 hxg5 12. hxg5 Bxg5 13. Ne5 Qf6 14. Ne4 Qf5 15.
Nxg5 Qxg5 16. Rh8+ Kxh8 17. Nxf7+ Kg8 18. Nxg5 Nd7 19. Qh5 Nf6 20. Qf7+ Kh8 21.
Bxc4 Bd7 22. Ke2 Ng4 23. Rh1+ Nh6 24. Rxh6+ 1-0

[Event "World Blitz 2025"]
[Site "Doha QAT"]
[Date "2025.12.29"]
[Round "3.126"]
[White "Tissir, Mohamed"]
[Black "Al-Mansouri, Fahad"]
[Result "1-0"]
[WhiteTitle "IM"]
[WhiteElo "2293"]
[BlackElo "1607"]
[WhiteFideId "9000240"]
[BlackFideId "12102407"]
[EventDate "2025.12.29"]

1. e4 c5 2. Nc3 Nc6 3. Bb5 Nf6 4. Bxc6 dxc6 5. d3 g6 6. f4 Bg7 7. Nf3 O-O 8. O-O
Bg4 9. Be3 b6 10. Qe1 Qc7 11. Ne5 Be6 12. Qh4 Rad8 13. Rad1 Nd7 14. Nf3 Nf6 15.
Ng5 h6 16. Nxe6 fxe6 17. Rf3 Nh5 18. Rdf1 Qd7 19. Nd1 Rf7 20. Nf2 Nf6 21. b3
Rdf8 22. Rg3 Kh7 23. Ng4 Nxg4 24. Qxg4 Rf6 25. e5 h5 26. Qh4 Rf5 27. Rgf3 Bh6
28. g4 hxg4 29. Qxg4 Rh5 30. Rg3 Rg8 31. Rf2 Qe8 32. Rfg2 Qf7 33. Qf3 Qf5 34.
Qxc6 Qf7 35. Qe4 Qf5 36. Qb7 Rg7 37. Qf3 Rh4 38. Rg4 Rxg4 39. Rxg4 Qf7 40. Kg2
Rg8 41. Qe4 Qg7 42. Rh4 Qf7 43. Kh1 Kg7 44. Qf3 Rh8 45. Qg3 Kg8 46. Rg4 Kg7 47.
Kg2 Qf5 48. Qf3 Kf7 49. Bf2 Bg7 50. Rg5 Qxg5+ 51. fxg5+ 1-0

[Event "World Blitz 2025"]
[Site "Doha QAT"]
[Date "2025.12.29"]
[Round "4.1"]
[White "Carlsen, Magnus"]
[Black "Sindarov, Javokhir"]
[Result "1/2-1/2"]
[WhiteTitle "GM"]
[BlackTitle "GM"]
[WhiteElo "2840"]
[BlackElo "2726"]
[WhiteFideId "1503014"]
[BlackFideId "14205483"]
[EventDate "2025.12.29"]

1. e4 e5 2. Nf3 Nc6 3. Bc4 Bc5 4. O-O d6 5. c3 Bb6 6. d3 h6 7. a4 Nf6 8. Nbd2
O-O 9. h3 a5 10. Re1 Be6 11. Bb5 Na7 12. Bc4 Nc6 13. Bb5 Na7 14. d4 Nxb5 15.
axb5 Re8 16. dxe5 dxe5 17. Nxe5 Bxh3 18. Ndc4 Qxd1 19. Rxd1 Be6 20. Nxb6 cxb6
21. Rd4 Bb3 22. Bf4 Nxe4 23. Rxe4 f6 24. Rae1 fxe5 25. Bxe5 Bd5 26. R4e3 Bc4 27.
Bd4 Bxb5 28. Re7 g5 29. Rg7+ Kf8 30. Rxe8+ Rxe8 31. Rxb7 Bc6 32. Rxb6 Re6 33. b3
Kf7 34. Ra6 Bd5 35. Ra7+ Re7 36. Rxa5 Bxb3 37. Kh2 Re6 38. Ra7+ Re7 39. Ra8 Re8
40. Ra3 Bc4 41. Ra4 Bd3 42. Rb4 Re6 43. c4 Be4 44. c5 h5 45. Rb8 h4 46. Be3 g4
47. Bg5 g3+ 48. fxg3 hxg3+ 49. Kxg3 Rg6 50. Kf4 Bxg2 51. Rb4 Re6 52. Rd4 Bc6 53.
Kf5 Bb5 54. Bf4 Rf6+ 55. Kg5 Rg6+ 56. Kf5 Rf6+ 57. Ke4 Bc6+ 58. Kd3 Rf5 59. Kc4
Rf6 60. Kb4 Rf5 61. Bd6 Ke6 62. Ka5 Rf1 63. Bg3 Bd5 64. Kb6 Rb1+ 65. Kc7 Rb7+
66. Kc8 Rg7 67. Bd6 Bb7+ 68. Kb8 Bc6 69. Bc7 Bd5 70. Rh4 Kd7 71. Bd6 Kc6 72. Rb4
Rg8+ 73. Ka7 Rg7+ 74. Ka6 Rg1 75. Rb6+ Kd7 76. Be5 Bc6 77. Rb2 Bd5 78. Kb6 Re1
79. Bd6 Re3 80. Rb4 Rb3 81. Rxb3 1/2-1/2

[Event "World Blitz 2025"]
[Site "Doha QAT"]
[Date "2025.12.29"]
[Round "4.2"]
[White "Iturrizaga Bonelli, Eduardo"]
[Black "Firouzja, Alireza"]
[Result "0-1"]
[WhiteTitle "GM"]
[BlackTitle "GM"]
[WhiteElo "2592"]
[BlackElo "2762"]
[WhiteFideId "3901211"]
[BlackFideId "12573981"]
[EventDate "2025.12.29"]

1. c4 e5 2. g3 Be7 3. Bg2 f5 4. Nc3 Nf6 5. Nf3 d6 6. d4 e4 7. Ng5 c6 8. d5 Na6
9. O-O O-O 10. Nh3 Ng4 11. Nf4 Bf6 12. Qc2 Qe8 13. Rd1 g5 14. Nh3 Qe7 15. a3 c5
16. b3 Bd7 17. Bb2 Rae8 18. Rab1 Bg7 19. e3 Ne5 20. Ne2 h6 21. Kh1 Qf7 22. Neg1
b5 23. Qe2 Nc7 24. Ba1 a6 25. Rf1 Rb8 26. f4 exf3 27. Nxf3 Rbe8 28. Nxe5 Bxe5
29. Bxe5 Rxe5 30. Qd2 Qe7 31. Qa5 Ne8 32. Qxa6 Rxe3 33. cxb5 Nc7 34. Qb7 Nxb5
35. a4 Nc3 36. Ra1 f4 37. Ng1 Ne2 38. Nxe2 Rxe2 39. gxf4 Rxg2 40. Rae1 Re2 41.
Ra1 Qe4+ 0-1

[Event "World Blitz 2025"]
[Site "Doha QAT"]
[Date "2025.12.29"]
[Round "4.3"]
[White "Nepomniachtchi, Ian"]
[Black "Alekseenko, Kirill"]
[Result "1/2-1/2"]
[WhiteTitle "GM"]
[BlackTitle "GM"]
[WhiteElo "2723"]
[BlackElo "2659"]
[WhiteFideId "4168119"]
[BlackFideId "4135539"]
[EventDate "2025.12.29"]

1. e4 e5 2. Nf3 Nc6 3. Bb5 a6 4. Ba4 d6 5. O-O Bd7 6. c3 Nge7 7. d4 Ng6 8. Re1
Be7 9. Nbd2 O-O 10. Nf1 exd4 11. cxd4 Bg4 12. Bxc6 bxc6 13. Ne3 Bd7 14. b3 Re8
15. Bb2 Bf8 16. Qc2 Qb8 17. h4 h6 18. g3 Qb5 19. d5 Qb7 20. Rac1 cxd5 21. exd5
Rac8 22. Nd4 Ne5 23. Qd1 a5 24. f4 Ng4 25. Nxg4 Rxe1+ 26. Qxe1 Bxg4 27. Qe4 Bd7
28. Rc2 Re8 29. Qf3 a4 30. Kh2 axb3 31. axb3 Qc8 32. Qc3 Bg4 33. Qxc7 Qa8 34.
Qc6 Qd8 35. b4 Re1 36. Qc3 Qe8 37. Ne6 Re4 38. Nxf8 Qxf8 39. b5 f6 40. b6 Qf7
41. Qb3 Qb7 42. Ba3 Kh7 43. Bxd6 Bf5 44. Bc7 Rd4 45. Rb2 Rd3 46. Qc4 Rxd5 47.
Qxd5 Qxd5 48. b7 Be4 49. b8=Q Qd1 50. Rg2 Bxg2 51. Kxg2 Qe2+ 52. Kh3 Qf1+ 53.
Kg4 Qd1+ 54. Kh3 Qh1+ 55. Kg4 Qd1+ 56. Kh3 1/2-1/2

[Event "World Blitz 2025"]
[Site "Doha QAT"]
[Date "2025.12.29"]
[Round "4.4"]
[White "Pranav, V"]
[Black "Erigaisi, Arjun"]
[Result "0-1"]
[WhiteTitle "GM"]
[BlackTitle "GM"]
[WhiteElo "2641"]
[BlackElo "2775"]
[WhiteFideId "25060783"]
[BlackFideId "35009192"]
[EventDate "2025.12.29"]

1. e4 c5 2. Nf3 e6 3. b3 d6 4. d4 cxd4 5. Nxd4 Nf6 6. Bd3 g6 7. O-O Bg7 8. Bb2
O-O 9. Re1 a6 10. Nd2 Qc7 11. N4f3 e5 12. a4 Nc6 13. Nc4 Be6 14. Ne3 Nd7 15. Ba3
Rad8 16. Bc4 Nf6 17. Nd5 Bxd5 18. Bxd5 Nxd5 19. Qxd5 Ne7 20. Qd3 Rd7 21. c4 h6
22. Rad1 Qc6 23. Nd2 f5 24. Nb1 fxe4 25. Qxe4 Rfd8 26. Nc3 d5 27. Nxd5 Nxd5 28.
cxd5 Rxd5 29. Rxd5 Rxd5 30. h3 Kh7 31. Bb2 Qd7 32. Bc3 h5 33. h4 Rc5 34. Bb4 Rc6
35. g3 Qf5 36. Qd5 Rc2 37. Bd2 e4 38. Qd6 Rc6 39. Qd8 Qe6 40. Be3 Qxb3 41. a5
Qd3 42. Kh2 Qxd8 0-1

[Event "World Blitz 2025"]
[Site "Doha QAT"]
[Date "2025.12.29"]
[Round "4.5"]
[White "Bortnyk, Olexandr"]
[Black "Salinas Herrera, Pablo"]
[Result "1-0"]
[WhiteTitle "GM"]
[BlackTitle "GM"]
[WhiteElo "2601"]
[BlackElo "2473"]
[WhiteFideId "14120828"]
[BlackFideId "3407128"]
[EventDate "2025.12.29"]

1. a3 d5 2. Nf3 Nf6 3. g3 Bf5 4. Bg2 e6 5. d3 h6 6. O-O Be7 7. Qe1 O-O 8. Nc3
Bh7 9. e4 c6 10. Bf4 a5 11. exd5 cxd5 12. a4 Nc6 13. Nb5 Rc8 14. Qd2 Nb4 15.
Rfc1 Nd7 16. Bf1 Nc5 17. Be3 Nc6 18. Bxc5 Bxc5 19. d4 Be7 20. Bd3 Be4 21. Qe2
Bxf3 22. Qxf3 Bf6 23. c3 e5 24. dxe5 Nxe5 25. Qe2 Re8 26. Bf5 Rc4 27. Re1 Re7
28. Rad1 Rxa4 29. b3 Nc6 30. Qc2 Rxe1+ 31. Rxe1 1-0

[Event "World Blitz 2025"]
[Site "Doha QAT"]
[Date "2025.12.29"]
[Round "4.6"]
[White "Makhnev, Denis"]
[Black "Lu, Shanglei"]
[Result "0-1"]
[WhiteTitle "GM"]
[BlackTitle "GM"]
[WhiteElo "2532"]
[BlackElo "2643"]
[WhiteFideId "13707647"]
[BlackFideId "8603332"]
[EventDate "2025.12.29"]

1. d4 Nf6 2. c4 e6 3. Nf3 d5 4. g3 dxc4 5. Bg2 c5 6. O-O Nc6 7. Nbd2 cxd4 8.
Nxc4 Bc5 9. Bf4 O-O 10. Rc1 Nd5 11. Bd2 b6 12. a3 a5 13. Qc2 h6 14. Nxb6 Bxb6
15. Qxc6 Ba6 16. Rfe1 Rb8 17. Qa4 Qd6 18. Nxd4 Nb4 19. Nf3 Bb5 20. Qd1 Na6 21.
Bf4 Qxd1 22. Rcxd1 Rbd8 23. Ne5 Rxd1 24. Rxd1 Bxe2 25. Rd2 Bb5 26. Nd7 Rc8 27.
h4 Bxd7 28. Rxd7 Rc2 29. Be3 Nc5 30. Rd6 Rxb2 31. Rxb6 Rxb6 32. Bxc5 Rb3 33. a4
f6 34. Bf1 Kf7 35. Bb5 g5 36. hxg5 hxg5 37. Bb6 Ke7 38. Bxa5 Kd6 39. Bd8 Rf3 40.
a5 g4 41. a6 f5 42. Bb6 Rb3 43. a7 Rxb5 44. a8=Q Rxb6 45. Qd8+ Kc5 46. Qc7+ Rc6
47. Qe5+ Kb6 48. Kf1 Kb7 49. Ke2 Kc8 50. Qg7 Rc4 51. Qf8+ Kd7 52. Qf7+ Kd6 53.
Qf8+ Ke5 54. Kd3 Rd4+ 55. Kc3 Re4 56. Qe7 Kd5 57. Qc7 Re1 58. Qb6 Ke5 0-1

[Event "World Blitz 2025"]
[Site "Doha QAT"]
[Date "2025.12.29"]
[Round "4.7"]
[White "Van Foreest, Jorden"]
[Black "Bharath, Subramaniyam H"]
[Result "1-0"]
[WhiteTitle "GM"]
[BlackTitle "GM"]
[WhiteElo "2692"]
[BlackElo "2576"]
[WhiteFideId "1039784"]
[BlackFideId "46634827"]
[EventDate "2025.12.29"]

1. e4 c5 2. Nf3 Nc6 3. Nc3 e5 4. Bc4 Be7 5. d3 d6 6. Nd5 Nf6 7. c3 O-O 8. Be3
Nxd5 9. Bxd5 Kh8 10. h4 Bg4 11. Qb3 Na5 12. Qc2 f5 13. Nh2 Bh5 14. exf5 Bf7 15.
Bxf7 Rxf7 16. g4 Qd7 17. Nf3 Qc6 18. Rh3 c4 19. d4 exd4 20. Bxd4 Re8 21. O-O-O
Kg8 22. Ng5 Bxg5+ 23. hxg5 Qa6 24. Rxh7 Rfe7 25. f6 Nb3+ 26. axb3 Re2 1-0

[Event "World Blitz 2025"]
[Site "Doha QAT"]
[Date "2025.12.29"]
[Round "4.8"]
[White "Salem, A.R. Saleh"]
[Black "Sklokin, Sergey"]
[Result "1-0"]
[WhiteTitle "GM"]
[BlackTitle "FM"]
[WhiteElo "2635"]
[BlackElo "2407"]
[WhiteFideId "9301348"]
[BlackFideId "55730230"]
[EventDate "2025.12.29"]

1. d4 d5 2. c4 e6 3. Nc3 Nf6 4. cxd5 exd5 5. Bg5 c6 6. e3 h6 7. Bh4 Be7 8. Bd3
O-O 9. Nge2 Re8 10. O-O Nbd7 11. a4 Nh5 12. Bxe7 Qxe7 13. a5 a6 14. Re1 Ndf6 15.
Qd2 g6 16. h3 Ng7 17. Ng3 h5 18. e4 dxe4 19. Ngxe4 Nxe4 20. Nxe4 Bf5 21. Nc5 Qd6
22. Bc4 Be6 23. Nxb7 Qc7 24. Bxe6 Nxe6 25. Nc5 Nxc5 26. dxc5 Rad8 27. Qb4 Rxe1+
28. Rxe1 Rb8 29. Qc3 Qd7 30. b4 Qd5 31. Re7 Qf5 32. Qd4 Qb1+ 33. Kh2 Qf5 34. Re5
Qb1 35. Re4 Qc2 36. Rf4 Qb3 37. Qe4 Rc8 38. Rf3 Qa2 39. Rf6 Qb2 40. Rxc6 Rxc6
41. Qxc6 Qxb4 42. Qe8+ Kg7 43. Qe5+ Kh7 44. c6 Qc4 45. c7 h4 46. Qd6 Kg7 47. g3
hxg3+ 48. Kxg3 Qc3+ 49. Kg2 Qc4 50. Kh2 Kh7 51. Qe5 Qc6 52. Qe7 Qf3 53. Qh4+ Kg7
54. c8=Q 1-0

[Event "World Blitz 2025"]
[Site "Doha QAT"]
[Date "2025.12.29"]
[Round "4.9"]
[White "Pranav, Anand"]
[Black "Murzin, Volodar"]
[Result "1-0"]
[WhiteTitle "GM"]
[BlackTitle "GM"]
[WhiteElo "2591"]
[BlackElo "2648"]
[WhiteFideId "46626786"]
[BlackFideId "44155573"]
[EventDate "2025.12.29"]

1. e4 e5 2. Nf3 Nc6 3. Bb5 Nf6 4. d3 Ne7 5. Nc3 c6 6. Bc4 d6 7. O-O Ng6 8. h3
Be7 9. a4 O-O 10. Re1 Qc7 11. d4 Nh5 12. Be3 Nhf4 13. Bf1 Be6 14. Kh2 Bd7 15. g3
Ne6 16. a5 Rfe8 17. d5 Nef8 18. a6 h6 19. axb7 Qxb7 20. b3 Nh7 21. Bc4 Nf6 22.
Qd3 a5 23. Red1 Rec8 24. Ra2 Be8 25. Nd2 h5 26. Rda1 Bd8 27. Nf3 h4 28. Ng5 c5
29. Bd2 Nh5 30. Qf3 Nf6 31. Qe2 Rcb8 32. Na4 Qc7 33. Nb2 Qc8 34. Bd3 Bc7 35. Nc4
Qd8 36. Qe3 Bd7 37. Bxa5 Bxa5 38. Rxa5 Rxa5 39. Rxa5 Bb5 40. Ra7 Bxc4 41. Bxc4
Nd7 42. Be2 Ra8 43. Ra4 Nb6 44. Rxa8 Nxa8 45. Nf3 Nc7 46. Nd2 Ne8 47. c3 Qb8 48.
Bh5 Ne7 49. Qg5 Nf6 50. Qxh4 Qa7 51. Qg5 c4 52. Kg2 cxb3 53. Bd1 b2 54. Bc2 Qc5
55. Qe3 Qa3 56. Bb1 Qa1 57. Qb6 Qa3 58. Qb4 Qa6 59. c4 Qa1 60. Qxd6 Ng6 61. Qb4
Nd7 62. c5 Nxc5 63. Qxc5 Nf8 64. Qb5 Qa3 65. Nc4 Qc3 66. Nxb2 1-0

[Event "World Blitz 2025"]
[Site "Doha QAT"]
[Date "2025.12.29"]
[Round "4.10"]
[White "Safarli, Eltaj"]
[Black "Dubov, Daniil"]
[Result "1/2-1/2"]
[WhiteTitle "GM"]
[BlackTitle "GM"]
[WhiteElo "2644"]
[BlackElo "2672"]
[WhiteFideId "13402129"]
[BlackFideId "24126055"]
[EventDate "2025.12.29"]

1. e4 c5 2. Nf3 d6 3. Nc3 Nf6 4. e5 dxe5 5. Nxe5 a6 6. g3 Qd6 7. Nf3 Nc6 8. Bg2
Bg4 9. h3 Bh5 10. O-O e6 11. d3 Be7 12. Re1 O-O 13. Bf4 Qd8 14. g4 Bg6 15. Ne5
Nxe5 16. Bxe5 Bd6 17. Qe2 Bxe5 18. Qxe5 Nd7 19. Qd6 Rb8 20. a4 b6 21. b3 Nf6 22.
Qxd8 Rfxd8 23. Re5 Nd7 24. Re2 Rdc8 25. f4 h6 1/2-1/2

[Event "World Blitz 2025"]
[Site "Doha QAT"]
[Date "2025.12.29"]
[Round "4.12"]
[White "Niemann, Hans Moke"]
[Black "Sargsyan, Shant"]
[Result "0-1"]
[WhiteTitle "GM"]
[BlackTitle "GM"]
[WhiteElo "2725"]
[BlackElo "2665"]
[WhiteFideId "2093596"]
[BlackFideId "13306766"]
[EventDate "2025.12.29"]

1. e4 e5 2. Nf3 Nc6 3. Bc4 Nf6 4. d3 Be7 5. Nc3 d6 6. a3 O-O 7. Be3 Be6 8. Nd5
Qd7 9. Bb3 Bd8 10. c4 Ng4 11. O-O Nxe3 12. fxe3 Ne7 13. d4 Ng6 14. h3 c6 15. Nc3
Qe7 16. Qd3 Bb6 17. Kh1 Rad8 18. Rad1 Nh4 19. Bc2 Nxf3 20. Rxf3 g6 21. b4 Kg7
22. Qf1 Qh4 23. d5 Bg4 24. dxc6 bxc6 25. Ba4 Bxf3 26. Qxf3 Rc8 27. Kh2 Qg5 28.
Rd3 h5 29. Qg3 Qxg3+ 30. Kxg3 Rfd8 31. Kf3 a6 32. g4 hxg4+ 33. hxg4 Kf6 34. Kg3
Kg5 35. Bd1 a5 36. Na4 Ba7 37. b5 cxb5 38. cxb5 d5 39. b6 Bb8 40. Nc3 d4 41. Nd5
f5 42. gxf5 gxf5 43. Kf3 Rxd5 44. exd5 e4+ 45. Ke2 exd3+ 46. Kxd3 dxe3 47. Kxe3
Bd6 48. Kd4 Rb8 0-1

[Event "World Blitz 2025"]
[Site "Doha QAT"]
[Date "2025.12.29"]
[Round "4.13"]
[White "Muradli, Mahammad"]
[Black "Artemiev, Vladislav"]
[Result "1/2-1/2"]
[WhiteTitle "GM"]
[BlackTitle "GM"]
[WhiteElo "2581"]
[BlackElo "2641"]
[WhiteFideId "13409301"]
[BlackFideId "24101605"]
[EventDate "2025.12.29"]

1. d4 Nf6 2. c4 e6 3. Nf3 Bb4+ 4. Bd2 Qe7 5. g3 Bxd2+ 6. Qxd2 Nc6 7. b3 Ne4 8.
Qb2 O-O 9. Bg2 d6 10. O-O f5 11. Nfd2 Nxd2 12. Nxd2 e5 13. Bd5+ Kh8 14. Bxc6
bxc6 15. dxe5 dxe5 16. Nf3 Re8 17. Rad1 e4 18. Nd4 Qf6 19. Qc1 e3 20. c5 exf2+
21. Rxf2 Bd7 22. Nf3 Be6 23. Qf4 Bd5 24. Qxc7 h6 25. Nh4 Qb2 26. Nxf5 Qc3 27.
Rd4 Rg8 28. Qf4 Raf8 29. Qe3 Qxc5 30. Rh4 Qxe3 31. Nxe3 Rd8 32. Ra4 Rd7 33. h4
Be6 34. Rff4 Rgd8 35. Kf2 c5 36. Ra5 Rc7 37. Re4 Bg8 38. Re5 Rdc8 39. Ke1 Kh7
40. h5 Bf7 41. Kf2 Bg8 42. g4 c4 43. bxc4 Bxc4 44. Nd5 Rf7+ 45. Kg3 Rc6 1/2-1/2

[Event "World Blitz 2025"]
[Site "Doha QAT"]
[Date "2025.12.29"]
[Round "4.14"]
[White "Bu, Xiangzhi"]
[Black "Petrov, Nikita"]
[Result "1-0"]
[WhiteTitle "GM"]
[BlackTitle "GM"]
[WhiteElo "2665"]
[BlackElo "2578"]
[WhiteFideId "8601445"]
[BlackFideId "4101286"]
[EventDate "2025.12.29"]

1. Nf3 d5 2. d4 Nf6 3. c3 a5 4. Bf4 Bf5 5. Nh4 Be4 6. Nd2 e6 7. Nxe4 Nxe4 8. Nf3
Bd6 9. Bxd6 Qxd6 10. e3 O-O 11. Bd3 Nd7 12. O-O c6 13. Qc2 f5 14. c4 a4 15. b3
axb3 16. axb3 Qb4 17. h3 Ra3 18. Rxa3 Qxa3 19. b4 Ra8 20. cxd5 exd5 21. b5 Qa2
22. Rc1 Qxc2 23. Rxc2 Ra3 24. bxc6 bxc6 25. Bf1 Nc3 26. g4 fxg4 27. hxg4 c5 28.
dxc5 Nxc5 29. Nd4 N5e4 30. Bd3 Nc5 31. Nb5 Nxb5 32. Bxb5 Ne4 33. Rc8+ Kf7 34.
Rc7+ Kf6 35. Be8 Nd6 36. Bc6 Rc3 37. g5+ Kxg5 38. Rxg7+ Kf6 39. Rc7 Nb5 40. Rxh7
Rc1+ 41. Kg2 Nc3 42. Kf3 Ke5 43. Rh5+ Kd6 44. Be8 Rd1 45. Bg6 Rd2 46. Rh1 Nd1
47. Rf1 Ke5 48. Kg3 d4 49. exd4+ Kxd4 50. f4 Ne3 51. Rg1 Nd5 52. Bh5 Nxf4 53.
Kxf4 Rf2+ 54. Bf3 Rd2 55. Rg8 Kc3 56. Be4 Kd4 57. Rc8 Rf2+ 58. Bf3 Rd2 59. Rc7
Rb2 60. Rd7+ Kc5 61. Ke5 Rf2 62. Be4 Rh2 63. Rc7+ Kb4 64. Kd4 Rh4 65. Rb7+ Ka4
66. Rb8 Rg4 67. Kd3 Ka5 68. Kd4 Ka4 69. Kd5 Ka3 70. Bd3 Rb4 71. Rc8 Kb3 72. Kc5
Kc3 73. Bb5 Rh4 74. Bc6 Rc4+ 75. Kd5 Rd4+ 76. Ke5 Rc4 77. Kd6 Rd4+ 78. Bd5+ Kd2
79. Ke5 Rh4 80. Be4 Rh6 81. Kf4 Rf6+ 82. Bf5 Ke2 83. Rc2+ Kf1 84. Ke4 Kg1 85.
Ra2 Rf8 86. Ke5 Re8+ 87. Kd4 Kf1 88. Be4 Rb8 89. Ke3 Rb3+ 90. Bd3+ Kg1 91. Rd2
Rb8 92. Rd1+ Kg2 93. Be4+ Kg3 94. Rg1+ Kh4 95. Kf4 Rb3 96. Rg8 Rb5 97. Rg7 Rc5
98. Rg2 Rc3 99. Rg4+ Kh5 100. Rg7 1-0

[Event "World Blitz 2025"]
[Site "Doha QAT"]
[Date "2025.12.29"]
[Round "4.15"]
[White "Le, Quang Liem"]
[Black "Yakubboev, Nodirbek"]
[Result "1/2-1/2"]
[WhiteTitle "GM"]
[BlackTitle "GM"]
[WhiteElo "2731"]
[BlackElo "2691"]
[WhiteFideId "12401137"]
[BlackFideId "14203987"]
[EventDate "2025.12.29"]

1. d4 Nf6 2. c4 g6 3. Nc3 Bg7 4. e4 d6 5. Nf3 O-O 6. Be2 Na6 7. O-O e5 8. Be3
Qe7 9. dxe5 dxe5 10. Nd5 Qd8 11. Qc2 Ng4 12. Bd2 c6 13. Nc3 f5 14. Rad1 Qe7 15.
Bg5 Bf6 16. Bxf6 Nxf6 17. exf5 gxf5 18. a3 Nc7 19. b4 a5 20. c5 axb4 21. axb4 e4
22. Nd4 Be6 23. f3 Nfd5 24. Nxd5 Bxd5 25. fxe4 Bxe4 26. Bd3 Nd5 27. Rde1 Qe5 28.
Nxf5 Rxf5 29. Bxe4 Rxf1+ 30. Rxf1 Nxb4 31. Qb3+ Nd5 32. Bxd5+ Qxd5 33. Qxb7
Qxc5+ 34. Kh1 Rf8 1/2-1/2

[Event "World Blitz 2025"]
[Site "Doha QAT"]
[Date "2025.12.29"]
[Round "4.16"]
[White "Harikrishna, Pentala"]
[Black "Ponkratov, Pavel"]
[Result "1-0"]
[WhiteTitle "GM"]
[BlackTitle "GM"]
[WhiteElo "2693"]
[BlackElo "2587"]
[WhiteFideId "5007003"]
[BlackFideId "4157800"]
[EventDate "2025.12.29"]

1. e4 e5 2. Nf3 Nc6 3. Nc3 Bc5 4. Nxe5 Nxe5 5. d4 Bd6 6. dxe5 Bxe5 7. Bd3 d6 8.
O-O Bxc3 9. bxc3 Ne7 10. c4 O-O 11. Bb2 f6 12. f4 Be6 13. Qe1 Qd7 14. Rf3 Qc6
15. Qc3 Kh8 16. Kh1 Rae8 17. Raf1 b6 18. f5 Bg8 19. g4 Nc8 20. g5 Re5 21. gxf6
gxf6 22. Rg1 Bf7 23. Qd2 Bh5 24. Rh3 Rxe4 25. Qg2 1-0

[Event "World Blitz 2025"]
[Site "Doha QAT"]
[Date "2025.12.29"]
[Round "4.17"]
[White "Isanzhulov, Arystan"]
[Black "Ivanchuk, Vasyl"]
[Result "1-0"]
[WhiteTitle "IM"]
[BlackTitle "GM"]
[WhiteElo "2419"]
[BlackElo "2607"]
[WhiteFideId "13711644"]
[BlackFideId "14100010"]
[EventDate "2025.12.29"]

1. e4 e5 2. Nf3 Nc6 3. Nc3 Nf6 4. a3 Be7 5. d4 exd4 6. Nxd4 O-O 7. Be2 d6 8. O-O
Re8 9. Re1 Nxd4 10. Qxd4 Be6 11. Bg5 h6 12. Bh4 Nd7 13. Bxe7 Qxe7 14. Rad1 a6
15. f4 Nf6 16. Bf3 Rad8 17. e5 dxe5 18. Qxe5 Rxd1 19. Rxd1 c6 20. Qd6 Qxd6 21.
Rxd6 Bf5 22. Rd2 Re1+ 23. Kf2 Rc1 24. Bd1 Kf8 25. Ke3 Ke7 26. Kf2 h5 27. h3 h4
28. Ke3 a5 29. b4 Ra1 30. bxa5 Rxa3 31. Re2 1-0